Lesson allemand - Statistiques

Statistiques générales
  • Ce quiz a été pris 15 fois
    7 depuis la dernière actualisation
  • Le résultat moyen est 8 sur 88
Statistiques - réponses
Hint Réponse % Correct
je crois que Ich glaube dass
43%
Etant donné que da
29%
Toujours immer
29%
Ne...jamais nie
29%
Question indirecte ob
29%
Souvent oft
29%
Beaucoup (sentiment) sehr
29%
Beaucoup (quantité) viel
29%
Peut être vielleicht
29%
Parce que weil
29%
Lorsque als
14%
Remarquer bemerken
14%
Observer beobachten
14%
Avant que bevor
14%
Jusqu'à ce que bis
14%
A l'époque damals
14%
Pour que damit
14%
Représenter darstellen
14%
Que dass
14%
Un tableau de peinture ein Gemälde
14%
Une citation ein Zitat
14%
Reconnaître erkennen
14%
Il est possible que es ist möglich, dass
14%
Constater feststellen
14%
Autrefois früher
14%
Aujourd'hui heute
14%
Derrière hinter
14%
Maintenant jetzt
14%
Malheuresement leider
14%
A gauche links
14%
Quelquefois manchmal
14%
à mon avis meiner Meinung nach
14%
Après que nachdem
14%
A côté neben
14%
Ne plus nicht...mehr
14%
Pas encore noch nicht
14%
En haut oben
14%
Bien que obwohl
14%
Soudain plötzlich
14%
A droite rechts
14%
Très grand sehr gross
14%
Depuis que seitdem
14%
Rarement selten
14%
En bas unten
14%
Devant vor
14%
Si/quand wenn
14%
Assez, plutôt grand ziemlich gross
14%
Entre zwischen
14%
Même si auch wenn
0%
Sur auf
0%
Certainement bestimmt
0%
l'auteur m'a convaincu Der autor hat mich überzeugt
0%
l'auteur a raison quand il dit que Der autor hat recht, wenn sie sagt, dass
0%
Actuellement derzeit
0%
Une photo en noir et blanc ein Schwarzweissbild
0%
Exactement ebenso
0%
Un extrait de film ein Ausschnitt
0%
Un tableau de données eine Tabelle
0%
Un desssin eine Zeichnung
0%
Une photo en couleur ein Farbfoto
0%
Un poème ein Gedicht
0%
Un extrait de roman ein Romanauszug
0%
Une pancarte ein Schild
0%
Une affiche électorale ein Wahlplakat
0%
Une affiche publicitaire ein Werbeplakat
0%
Une publicité ein Werbung
0%
Aperçevoir erblicken
0%
De nos jours heutzutage
0%
je suis d'un autre avis Ich bin anderer Meinung
0%
Je suis d'avis que Ich bin der Meinnung, dass
0%
je suis d'accord avec l'auteur Ich bin mit dem Autor einverstanden
0%
je ne suis pas d'accord avec l'auteur Ich bin mit dem Autor nicht einverstanden
0%
je pense que Ich denke,dass Ich meine, dass
0%
je partage l'opinion de l'auteur ( 2 manière de le dire préciser avec "oder" entre les deux) Ich stimme dem Autor zu oder ich teile die Meinung des Autors
0%
Au centre de la photo in der mitte des Bildes
0%
On peut émettre l'hypothèse que man kann die Hypothese aufstellen dass
0%
On peut se posé la question de savoir si man kann sich die frage stellen, ob
0%
On peut supposer que man kann vermuten dass
0%
Probablement möglicherweise
0%
Voir schauen
0%
Dès que sobald
0%
Si bien que so dass
0%
Constamment ständig
0%
Completement völlig, ganz
0%
Pendant que während
0%
Ce que l'auteur dit est juste Was der Autor sagt, stimmt
0%
Ce que dit l'auteur est faux Was der Autor, stimmt nicht
0%
Vraiment wirklich
0%
Aucun quiz correspondant
Distribution des résultats
% des personnes avec chaque résultat
Percentile par nombre de réponses
Votre historique - résultats
Vous n’avez pas pris ce quiz depuis la dernière actualisation